000 00335nam a2200121Ia 4500
008 180205s9999 xx 000 0 und d
020 _a9781260084122
100 _aNoreen, Eric W.
245 _aManagerial accounting for managers /
250 _a4th ed
260 _aNew york :
_bMc Graw Hill education
_c2017
300 _avi, 613 pages
999 _c354909
_d354909